الفن ومذاهبه : (Record no. 7852)
[ view plain ]
| 000 -LEADER | |
|---|---|
| fixed length control field | 01784nam a22002777a 4500 |
| 003 - CONTROL NUMBER IDENTIFIER | |
| control field | EG-NbEJU |
| 005 - DATE AND TIME OF LATEST TRANSACTION | |
| control field | 20260416121440.0 |
| 008 - FIXED-LENGTH DATA ELEMENTS--GENERAL INFORMATION | |
| fixed length control field | 260317b |||||||| |||| 00| 0 eng d |
| 017 ## - COPYRIGHT OR LEGAL DEPOSIT NUMBER | |
| Copyright or legal deposit number | 2016 / 25976 |
| Assigning agency | دار المعارف |
| 020 ## - INTERNATIONAL STANDARD BOOK NUMBER | |
| International Standard Book Number | 9789770284056 |
| Qualifying information | Paperback |
| 040 ## - CATALOGING SOURCE | |
| Original cataloging agency | EG-NbEJU |
| Language of cataloging | ara |
| Transcribing agency | EG-NbEJU |
| 041 ## - LANGUAGE CODE | |
| Language code of text/sound track or separate title | ara |
| 050 ## - LIBRARY OF CONGRESS CALL NUMBER | |
| Classification number | PJ7519 |
| Item number | .D54 2017 |
| 100 ## - MAIN ENTRY--PERSONAL NAME | |
| Personal name | ضيف، شوقى. |
| 245 ## - TITLE STATEMENT | |
| Title | الفن ومذاهبه : |
| Remainder of title | فى النثر العربى / |
| Statement of responsibility, etc. | شوقى ضيف. |
| 250 ## - EDITION STATEMENT | |
| Edition statement | الطبعة الثامنة عشرة |
| 260 ## - PUBLICATION, DISTRIBUTION, ETC. | |
| Place of publication, distribution, etc. | القاهرة : |
| Name of publisher, distributor, etc. | دار المعارف، |
| Date of publication, distribution, etc. | 2017. |
| 300 ## - PHYSICAL DESCRIPTION | |
| Extent | 398 صفحة ؛ |
| Dimensions | 24 سم |
| 490 ## - SERIES STATEMENT | |
| Series statement | مكتبة الدراسات الأدبية |
| Volume/sequential designation | 19 |
| 520 ## - SUMMARY, ETC. | |
| Summary, etc. | يتناول الكتاب تطور فن النثر العربي عبر العصور المختلفة، مستعرضًا مذاهبه واتجاهاته الفنية منذ العصر الجاهلي مرورًا بالعصور الإسلامية المختلفة وحتى العصر الحديث. يحلل المؤلف خصائص كل مرحلة وأبرز أعلامها، مع التركيز على الأساليب الفنية واللغوية التي تميز النثر العربي، مثل الخطابة، والرسائل، والمقامات، والنثر الفني. كما يناقش تطور الأسلوب والتعبير وتأثر النثر العربي بالمتغيرات الثقافية والحضارية، مقدمًا رؤية نقدية شاملة تسهم في فهم مسار تطور هذا الفن وأهميته في التراث الأدبي العربي. |
| 650 ## - SUBJECT ADDED ENTRY--TOPICAL TERM | |
| Topical term or geographic name entry element | النثر العربي. |
| 830 ## - SERIES ADDED ENTRY--UNIFORM TITLE | |
| Uniform title | مكتبة الدراسات الأدبية |
| Volume/sequential designation | 19. |
| 901 ## - Cataloger information | |
| Cataloger Name | Shrouk Ali |
| 942 ## - ADDED ENTRY ELEMENTS (KOHA) | |
| Source of classification or shelving scheme | Library of Congress Classification |
| Koha item type | Books |
| Suppress in OPAC | No |
| Withdrawn status | Lost status | Source of classification or shelving scheme | Damaged status | Not for loan | Home library | Current library | Date acquired | Total checkouts | Full call number | Barcode | Date last seen | Copy number | Price effective from | Koha item type |
|---|---|---|---|---|---|---|---|---|---|---|---|---|---|---|
| Library of Congress Classification | Fayza Aboulnaga Central Library | مكتبة فايزة أبو النجا المركزية بالحرم الجامعي | Fayza Aboulnaga Central Library | مكتبة فايزة أبو النجا المركزية بالحرم الجامعي | 03/17/2026 | PJ7519 .D54 2017 | 10015669 | 03/17/2026 | C. 1 | 03/17/2026 |
